Rechtschreibung A-Z - Statistiken

Allgemein
  • Dieses Quiz wurde 5.015 mal gespielt
    4.987 seit der letzten Aktualisierung
  • Das Durchschnittsergebnis liegt bei 14 aus 26
Antwortstatistiken
Frage Antwort % Korrekt
W währenddessen
80%
B Ballett
77%
J Jackett
72%
G Guerilla
69%
M Misere
69%
T Terrasse
67%
V Voraussetzung
61%
Y Yakuza
61%
F Furnier
60%
A Akquise
59%
Z zuwider
58%
C Chrysantheme
56%
Q Querulant
55%
X Xylofon
53%
U unentgeltlich
52%
K kolossal
48%
E Einfaltspinsel
47%
H Hasardeur
43%
P projizieren
41%
N nichtsdestoweniger
38%
I Inbusschlüssel
37%
O Obolus
36%
S Stegreif
34%
D Dilettant
32%
R Renommee
28%
L lizenzieren
20%
Keine übereinstimmenden Quizze gefunden
Verteilung der Resultate
Anzahl Personen mit jedem Resultat
Perzentil nach korrekt beantworteten Fragen
Ihre Resultats-Entwicklung
Sie haben dieses Quiz seit der letzten Aktualisierung nicht gespielt